|
|
|
|
| LEADER |
00000nam a2200000 a 4500 |
| 001 |
UCX9149 |
| 003 |
CL-VaPUC |
| 008 |
940518e19890000SP |||||||||||||||||spa|d |
| 082 |
0 |
4 |
|a 340
|b PAS
|2 21
|
| 100 |
|
|
|a Pastor, Santos
|e autora
|9 326478
|
| 245 |
1 |
0 |
|a Sistema jurídico y economía: una introducción al análisis económico del derecho
|
| 300 |
|
|
|a 263 p
|
| 942 |
|
|
|c BK
|
| 945 |
|
|
|d 19940518 00:00:00
|a aalvarez
|
| 260 |
|
|
|a Madrid
|b Tecnos
|c 1989
|
| 650 |
|
7 |
|a DERECHO Y ECONOMIA
|2 CL-VaPUC
|9 255885
|
| 651 |
|
0 |
|a España
|9 254926
|
| 583 |
|
|
|a last modification
|c 19940518 00:00:00
|k Rodrigo Vera
|
| 999 |
|
|
|c 228468
|d 228466
|
| 952 |
|
|
|0 0
|1 0
|4 0
|6 340_000000000000000_PAS_1989
|7 0
|8 DER_TF
|9 228591
|a BIBDER
|b BIBDER
|d 2019-11-15
|i 2981238
|o 340 PAS 1989
|p 2981238
|r 2023-01-25
|w 2019-11-15
|x Ubicación 4to Piso
|y BK
|z Estos recursos deben solicitarse con anticipación
|k DER
|